Bichos de cuento /

Guardado en:
Autor Principal: Falconi, María Ines.
Otros Autores: Mirian Luchetto; il.
Formato: Libro
Idioma:Undetermined
Publicado: Barcelona : Norma, 2000.
Series:Colección Torre de Papel
Materias:
Etiquetas: Agregar Etiqueta
Sin Etiquetas, Sea el primero en etiquetar este registro!
LEADER 00606nam a22001935a 4500
001 CEM.cems019806
008 221026s2000####sp############000#0#und#d
005 20221027091630.0
245 1 0 |a Bichos de cuento /  |c María Inés Falconi; ilustrador Mirian Luchetto. 
260 |a Barcelona :  |b Norma,  |c 2000. 
300 |a 63 p. ;  |c 18 cm. 
490 1 |a Colección Torre de Papel 
020 |a 9879334728 
100 1 |a Falconi, María Ines. 
700 1 |a Mirian Luchetto; il. 
082 0 4 |a A868.4 
653 |a Literatura Infantil 
653 |a Cuentos 
859 |a CEMS  |b BIB. CEMS - Inicial y Primaria  |h A868.4  |i F181  |k IP  |p 2137  |t Ej.1